| 000 | 00914nam a22002057a 4500 | ||
|---|---|---|---|
| 001 | EIF-III-1998-M1-007 | ||
| 003 | OSt | ||
| 005 | 20230109152139.0 | ||
| 008 | 221102b |||||||| |||| 00| 0 eng d | ||
| 040 |
_aFundación Jesús Pereda _cFundación Jesús Pereda |
||
| 041 | _aCastellano | ||
| 100 |
_uUniversidad Autónoma de Barcelona _aFont Agulló, Jordi _9201 |
||
| 111 |
_994 _aEncuentro de Investigadores del Franquismo _c(Sevilla. _d1998. _n3º) |
||
| 245 |
_aEl orden del miedo ¿Adictos o indiferentes? _bActitudes socio-políticas en una zona rural durante el primer franquismo, _f1939-1959 _c/Jordi Font Agulló |
||
| 650 | 0 |
_9123 _aPrimer franquismo |
|
| 650 | 0 |
_9202 _aEstudio sociopolítico |
|
| 773 |
_tActas del III Encuentro de Investigadores del Franquismo _g076-087 p. |
||
| 856 | _uhttps://bibliotecaccoocyl.fundacionjesuspereda.es/cgi-bin/koha/opac-retrieve-file.pl?id=f2d42df0132b230202674165ab20122b | ||
| 942 |
_2ddc _cCF _n0 |
||
| 999 |
_c65 _d65 |
||